000 00624nam a2200193Ia 4500
008 151121s9999||||xx |||||||||||||| ||und||
082 _aबा।वि।
082 _bHNW-73196
100 _aदेशपांडे कृ। प।
245 _aलिंगपुराण - 10
260 _b"अतुल प्रकाशन , पुणे।"
260 _c--
300 _a65
600 _aदेशपांडे कृ। प।
630 _aलिंगपुराण - 10
700 _aदेशपांडे कृ। प।
730 _aलिंगपुराण - 10
942 _cBOOK
999 _c1254654
_d1254651